Statistiques concernant Quel est ce mot?

Cliquez ici pour prendre le quiz!

Statistiques générales

  • Ce quiz a été pris 232 fois
  • Le résultat moyen est 11 sur 26

Statistiques - réponses

DéfinitionsLettreMots% Correct
Forme de gouvernement dans lequel la souveraineté émane du peupleDDémocratie
92%
Eléphant fossile du quaternaireMMammouth
82%
Qui manifeste de l'hostilité envers les étrangersXXénophobe
76%
Domestique masculinVValet
71%
Sentiment de animosité ou de vive répugnanceHHaine
69%
Fromage italien à moisissuresGGorgonzola
68%
Pour un bateau, se renverser sens dessus dessousCChavirer
63%
Unité de mesure de longueur anglo-saxonne, valant de 0,914mYYard
62%
Science des végétauxBBotanique
60%
Danse populaire à trois tempsJJava
53%
Pipe-line pour le transport du pétrole brutOOléoduc
49%
Papier d'emballage résistantKKraft
47%
Fierté qui se manifeste par des manières hautaines, méprisantesAArrogance
45%
Jouissance d'un bien dont la nue-propriété appartient à un autreUUsufruit
43%
Tendance à accorder des faveurs injustesFFavoritisme
36%
Rendre joli ou plus joli en ajoutant des ornementsEEnjoliver
30%
Ce qu'il y a de meilleur, de plus fin, de plus précieux dans quelque choseQQuintessence
29%
Individu au comportement original ou bizarre, clownZZouave
29%
Arbre ornemental à larges feuilles et à écorce mincePPlatane
21%
Qui contient des erreurs, fauxIInexact
18%
Coup donné sur la tête ou la figure avec le plat de la mainTTaloche
7%
Qui appartient à la noblesseNNobiliaire
6%
Embarcation orientale à fond platSSampan
5%
Fidélité au régime, aux institutions établiesLLoyalisme
4%
Oxyde naturel de fer, de manganèse ou de tungstèneWWolfram
3%
Action d'emporter quelque chose par surprise ou par violenceRRazzia
2%

Distribution des résultats

Percentile par nombre de réponses

% des personnes avec chaque résultat

Votre développement - résultats

Vous n’avez pas pris ce quiz